| 000 | 00608nam a2200229 a 4500 | ||
|---|---|---|---|
| 999 |
_c9532 _d9532 |
||
| 001 | 9532 | ||
| 003 | BD-JhCC | ||
| 005 | 20180318125145.0 | ||
| 008 | 180318s1992 b a|||| || | 001 0 eng d | ||
| 035 | _a(BD-JhCC)9532 | ||
| 040 |
_aBD-JhCC _dBD-JhCC |
||
| 041 | _aeng | ||
| 082 |
_a351.00109 _bZAF 1992 |
||
| 100 | _aZafarullah, Habib | ||
| 245 |
_aUnderstanding Bureaucracy a Primer / _cHabib Zafarullah, |
||
| 260 |
_aDhaka : _bAcademic Publishers, _c1992. |
||
| 300 |
_a152 p. : _bill. ; _c22 cm. |
||
| 504 | _aIncludes Index | ||
| 650 | _aPublic Administration | ||
| 942 |
_2ddc _cBK |
||